00549nam a22001577a 450000500170000001000150001702000260003203500140005803700130007208200080008510000250009324500660011826000610018427000810024530000650032620220328115237.0 aENG-132132 a9789383253368c399.00 aEN-115664 bDBAD/PUB a882 aPadmanabhan, Manjula aLaughter and Blood:bPerformance Pieces/cManjula Padmanabhan aGurugrambHachette book Publishing India Pvt. Ltd.c2020 a4th & 5th Floors, Corporate Centre, Plot No. 94, Sector 44bGurugrame122003 axi,204p.c21cm (pbk)bAcknowledgment and Publication History